A vállalati tervezés gyakorlata kereskedelmi tevékenység esetén
| Main Author: | |
|---|---|
| Other Authors: | |
| Format: | Thesis |
| Kulcsszavak: | controlling - kontrolling kontrollingrendszer költségvetés költségvetés készítés vállalati kontrolling |
| Online Access: | http://dolgozattar.uni-bge.hu/60380 |
MARC
| LEADER | 00000nta a2200000 i 4500 | ||
|---|---|---|---|
| 001 | dolg60380 | ||
| 005 | 20260409150517.0 | ||
| 008 | 260409suuuu hu om 000 hun d | ||
| 040 | |a BGE Dolgozattár Repozitórium |b hun | ||
| 041 | |a hu | ||
| 100 | 1 | |a Ali Janka | |
| 245 | 1 | 2 | |a A vállalati tervezés gyakorlata kereskedelmi tevékenység esetén |c Ali Janka |h [elektronikus dokumentum] |
| 520 | 3 | |a A szakdolgozatomban egy multinacionális kereskedelmi vállalat költségvetés készítési folyamatait vizsgáltam az egyik európai leányvállalat esetében. Több, különböző technikával készült részköltségvetés összeállítási lépéseit megfigyeltem, a technikák előnyeit, hátrányait, alkalmazásuk okait vizsgáltam. Emellett két egymás utáni év értékeit összehasonlítottam, a különbségek okait kerestem különböző vizsgálatokkal. Használtam az értékindexkört, az abszolút különbözetek módszerét és megoszlási viszonyszámokat is. | |
| 695 | |a controlling - kontrolling | ||
| 695 | |a kontrollingrendszer | ||
| 695 | |a költségvetés | ||
| 695 | |a költségvetés készítés | ||
| 695 | |a vállalati kontrolling | ||
| 700 | 1 | |a Németh Dr. Krisztina |e ths | |
| 856 | 4 | 0 | |u http://dolgozattar.uni-bge.hu/60380/1/Ali_Janka_AN3GFI_Szakdolgozat.pdf |z Dokumentum-elérés |
| 856 | 4 | 0 | |u http://dolgozattar.uni-bge.hu/60380/2/Ali_Janka_b%C3%ADr%C3%A1lat_BA_N%C3%A9meth%20Krisztina.pdf |z Dokumentum-elérés |